Similar Flags Quiz Stats

Quiz Updated Mar 29, 2016

Also try: Flags Within Flags
Challenge
Share
Tweet
Score 0/25 Timer 07:00
23 Plays Today
% Correct
A was the correct answer! (Australia)
95.5%
B was the correct answer! (Mexico)
90.7%
A was the correct answer! (Turkey)
88.6%
B was the correct answer! (Liechtenstein)
85.4%
A was the correct answer! (Iceland)
83.4%
A was the correct answer! (Niger)
83.2%
B was the correct answer! (Ghana)
80.8%
A was the correct answer! (Slovakia)
77.4%
A was the correct answer! (Myanmar)
76.6%
A was the correct answer! (Liberia)
74.7%
B was the correct answer! (Somalia)
74%
B was the correct answer! (Senegal)
72.1%
A was the correct answer! (Andorra)
69.4%
% Correct
A was the correct answer! (Egypt)
68.2%
B was the correct answer! (Samoa)
67.9%
B was the correct answer! (Tuvalu)
67.1%
B was the correct answer! (Ecuador)
66.6%
A was the correct answer! (Bahrain)
62.4%
B was the correct answer! (Romania)
56.2%
B was the correct answer! (Poland)
55.1%
B was the correct answer! (Ireland)
53.1%
B was the correct answer! (Mali)
47.4%
A was the correct answer! (Benin)
46.5%
B was the correct answer! (Kuwait)
44.6%
C was the correct answer! (Nicaragua)
39.9%

You're not logged in!

Compare scores with friends on all Sporcle quizzes.
Join for Free
OR
Log In

You Might Also Like...

Show Comments

Extras

Top Quizzes Today


Score Distribution

Your Account Isn't Verified!

In order to create a playlist on Sporcle, you need to verify the email address you used during registration. Go to your Sporcle Settings to finish the process.

Report this User

Report this user for behavior that violates our Community Guidelines.

Details: